The research-informed teaching revolution : (Record no. 172624)

MARC details
000 -LEADER
fixed length control field 01014cam a2200289 i 4500
001 - CONTROL NUMBER
control field 21656714
003 - CONTROL NUMBER IDENTIFIER
control field OSt
005 - DATE AND TIME OF LATEST TRANSACTION
control field 20260205114504.0
008 - FIXED-LENGTH DATA ELEMENTS--GENERAL INFORMATION
fixed length control field 200730s2020 enk b 000 0 eng
020 ## - INTERNATIONAL STANDARD BOOK NUMBER
International Standard Book Number 9781912906833 (Paperback)
040 ## - CATALOGING SOURCE
Original cataloging agency DLC
Language of cataloging eng
Transcribing agency NUST
Description conventions rda
Modifying agency NUST
050 00 - LIBRARY OF CONGRESS CALL NUMBER
Classification number LB1707 BRO
100 1# - MAIN ENTRY--PERSONAL NAME
Personal name Brown, Chris
Relator term author.
245 14 - TITLE STATEMENT
Title The research-informed teaching revolution :
Remainder of title A handbook for the 21st century teacher /
Statement of responsibility, etc. Chris Brown.
260 ## - PUBLICATION, DISTRIBUTION, ETC.
Place of publication, distribution, etc. Woodbridge ;
Name of publisher, distributor, etc. John Catt Publication ,
Date of publication, distribution, etc. ©2020.
300 ## - PHYSICAL DESCRIPTION
Extent 224 pages :
Other physical details illustrations ;
Dimensions 21 cm
336 ## - CONTENT TYPE
Content type term text
Content type code txt
Source rdacontent
337 ## - MEDIA TYPE
Media type term unmediated
Media type code n
Source rdamedia
338 ## - CARRIER TYPE
Carrier type term volume
Carrier type code nc
Source rdacarrier
504 ## - BIBLIOGRAPHY, ETC. NOTE
Bibliography, etc. note Includes bibliographical references.
650 #0 - SUBJECT ADDED ENTRY--TOPICAL TERM
Topical term or geographic name entry element Teachers
General subdivision Training of.
650 #0 - SUBJECT ADDED ENTRY--TOPICAL TERM
Topical term or geographic name entry element Educational change.
650 #0 - SUBJECT ADDED ENTRY--TOPICAL TERM
Topical term or geographic name entry element Mass media
General subdivision Technological innovations.
700 1# - ADDED ENTRY--PERSONAL NAME
Personal name Flood, Jane
Titles and other words associated with a name (Teacher)
Relator term author.
700 1# - ADDED ENTRY--PERSONAL NAME
Personal name Handscomb, Graham,
Relator term author.
942 ## - ADDED ENTRY ELEMENTS (KOHA)
Source of classification or shelving scheme Library of Congress Classification
Suppress in OPAC No
Koha item type Ordinary Loan Books
Classification part LB1707 BRO
Call number prefix LB
Call number suffix BHO
Holdings
Withdrawn status Lost status Source of classification or shelving scheme Damaged status Not for loan Collection Home library Current library Shelving location Date acquired Source of acquisition Cost, normal purchase price Total Checkouts Full call number Barcode Date last seen Accession number Cost, replacement price Price effective from Koha item type Public note
    LCC     NFIC MAIN MAIN GEN 02/05/2026 Book Aid International 26.00   LB1707 BRO 92004058083 02/05/2026 63518 26.00 02/05/2026 BOOKS Donation